Famous Castles and Palaces - Statistics

General Stats
  • This quiz has been taken 40 times
  • The average score is 11 of 24
Answer Stats
Picture Answer % Correct
Louvre
94%
Kremlin
83%
Forbidden City
80%
Palace of Versailles
77%
Palace of Westminster
77%
Buckingham Palace
74%
Neuschwanstein Castle
74%
Windsor Castle
69%
Winter Palace
66%
Alhambra
54%
Edinburgh Castle
54%
Potala Palace
43%
Prague Castle
43%
Schonbrunn Palace
34%
Bran Castle
26%
Osaka Castle
26%
Palace of Parliament
23%
Pena Palace
23%
Apostolic Palace
20%
Palace of Diocletian
17%
Alcazar
9%
Hearst Castle
9%
Kylemore Castle
6%
Amber Fort
0%
No matching quizzes found
Score Distribution
Percent of People with Each Score
Percentile by Number Answered
Your Score History
You have not taken this quiz